ADVANCE DISCRETE MATHEMATICS (Record no. 10195)
[ view plain ]
| 000 -LEADER | |
|---|---|
| fixed length control field | 00310nam a22001337a 4500 |
| 003 - CONTROL NUMBER IDENTIFIER | |
| control field | SGT |
| 082 ## - DEWEY DECIMAL CLASSIFICATION NUMBER | |
| Classification number | RAJ 512 |
| 100 ## - MAIN ENTRY--PERSONAL NAME | |
| Personal name | RAJPUT,UDAY SINGH |
| 245 ## - TITLE STATEMENT | |
| Title | ADVANCE DISCRETE MATHEMATICS |
| 260 ## - PUBLICATION, DISTRIBUTION, ETC. (IMPRINT) | |
| Place of publication, distribution, etc | NEW DELHI |
| Name of publisher, distributor, etc | PHI |
| Year of Publication | 2012 |
| 300 ## - PAGE DESCRIPTION | |
| No. of Pages | 357 |
| 650 ## - SUBJECT ADDED ENTRY--TOPICAL TERM | |
| Topical term or geographic name as entry element | MATHEMATICS, DISCRETE MATHEMATICS |
| 942 ## - ADDED ENTRY ELEMENTS (KOHA) | |
| Source of classification or shelving scheme | Dewey Decimal Classification |
| Koha item type | FPS Books |
| 942 ## - ADDED ENTRY ELEMENTS (KOHA) | |
| -- | 10 |
| Withdrawn status | Lost status | Source of classification or shelving scheme | Damaged status | Not for loan | Collection code | Home library | Current library | Shelving location | Date acquired | Vendor Name | Cost, normal purchase price | SGTU | Bill Number | Total Checkouts | Full call number | Accession No. (Barcode) | Date last seen | Date last borrowed | Bill Date | Koha item type |
|---|---|---|---|---|---|---|---|---|---|---|---|---|---|---|---|---|---|---|---|---|
| Dewey Decimal Classification | SCIENCE | SGT Science & Social Sciences Library | SGT Science & Social Sciences Library | Text Book | 13/12/2016 | UNIVERSAL BOOK | 350.00 | SGTU | 337 | 4 | RAJ 512 | PS2998 | 10/10/2024 | 30/09/2024 | 20/10/2016 | FPS Books | ||||
| Dewey Decimal Classification | SCIENCE | SGT Science & Social Sciences Library | SGT Science & Social Sciences Library | Text Book | 13/12/2016 | UNIVERSAL BOOK | 350.00 | SGTU | 337 | 6 | RAJ 512 | PS2999 | 04/01/2025 | 11/11/2024 | 20/10/2016 | FPS Books | ||||
| Dewey Decimal Classification | SCIENCE | SGT Science & Social Sciences Library | SGT Science & Social Sciences Library | Text Book | 13/12/2016 | UNIVERSAL BOOK | 350.00 | SGTU | 337 | 1 | RAJ 512 | PS3000 | 08/08/2024 | 06/08/2024 | 20/10/2016 | FPS Books |